Porovnanie efektívnosti ekonomík pomocou metódy DEA diplomová práca

Salvato in:
Dettagli Bibliografici
Autore principale: Lizák, Karol
Ente Autore: Fakulta hospodárskej informatiky EU. Katedra operačného výskumu a ekonometrie
Altri autori: Sojka, Jozef
Natura: Libro
Lingua:slovacco
Pubblicazione: Bratislava 2009
Tags: Aggiungi Tag
Nessun Tag, puoi essere il primo ad aggiungerne!!

MARC

LEADER 00000nam$a2200000$$$4500
001 0097062
005 20240318134143.4
041 0 |a slo 
044 |a SK 
245 1 0 |a Porovnanie efektívnosti ekonomík pomocou metódy DEA  |b diplomová práca  |c Karol Lizák ; škol. Jozef Sojka 
264 1 |a Bratislava  |c 2009 
300 |a 55 s. 
100 1 |a Lizák, Karol 
700 1 |a Sojka, Jozef 
710 2 |a Fakulta hospodárskej informatiky EU. Katedra operačného výskumu a ekonometrie